=LDR 00000nam 2200000 4500 =001 INLIS000000000000561 =005 20150325092053.0 =006 =007 =008 Ind =035 ##$$0010-061300000000561 =041 ##$$a Ind =082 ##$$a 301.321 =090 ##$$a 301.321 Sin p =100 ##$$a Singarimbun, Masri =245 ##$$a Perubahan perilaku fertilitas di Sriharjo / Masri Singarimbun =250 ##$$a Seri laporan No. 45 =260 ##$$a Yogyakarta $b Pusat Penelitianb UGM $c 1986 =300 ##$$a iv, 22 hlm. ; 23 cm =650 ##$$a Sosiologi penduduk =850 ##$$a NBPNMAT